Langlebigste Konsolen - Statistiken

Allgemein
  • Dieses Quiz wurde 45 mal gespielt
  • Das Durchschnittsergebnis liegt bei 8 aus 15
Antwortstatistiken
Zeit Erscheinen der
ersten Spiele
Letztes Spiel Erschienen Konsole % Korrekt
13 Jahre 150 Tage 23. März 2007 Shakedown: Hawaii 20. August 2020 PlayStation 3
92%
13 Jahre 214 Tage 8. Dezember 2006 Retro City Rampage DX+ /Shakedown: Hawaii 9. Juli 2020 Wii
86%
9 Jahre 262 Tage 28. September 1990 Pokémon Gelbe Edition: Special Pikachu Edition 16. Juni 2000 Game Boy
84%
9 Jahre 230 Tage 11. März 2005 Disney Baymax - Riesiges Robowabohu: Kampf in der Bucht 28. Oktober 2014 Nintendo DS
73%
9 Jahre 268 Tage 30. November 2012 Shadow Archer Special 25. August 2022 Wii U
73%
12 Jahre 327 Tage 2. Dezember 2005 Just Dance 2019 25. Oktober 2018 Xbox 360
70%
11 Jahre 146 Tage 25. März 2011 Shovel Software Insurance Claim 18. August 2022 Nintendo 3DS
54%
10 Jahre 330 Tage 1. September 2005 Retro City Rampage DX 27. Juli 2016 PlayStation Portable
51%
8 Jahre 319 Tage 10. Juli 1986 Der König der Löwen 25. Mai 1995 Nintendo Entertainment System
49%
6 Jahre 133 Tage 22. Juni 2001 Pixeline i Pixieland 2. November 2007 Game Boy Advance
35%
11 Jahre 119 Tage 22. Februar 2012 Jet Set Knights 21. Juni 2023 PlayStation Vita
35%
7 Jahre 1 Monat September 1990 Vergessene Welt: Jurassic Park Oktober 1997 Sega Mega Drive
22%
15 Jahre August 1977 Acid Drop /Creature Strike / Dungeon Master 1992 Atari 2600
16%
9 Jahre August 1987 Die Schlümpfe reisen um die Welt 1996 Sega Master System
14%
8 Jahre 1991 The Last Blade 2 28. Januar 1999 Neo Geo AES
3%
Keine übereinstimmenden Quizze gefunden
Verteilung der Resultate
Anzahl Personen mit jedem Resultat
Perzentil nach korrekt beantworteten Fragen
Ihre Resultats-Entwicklung
Sie haben dieses Quiz noch nicht gespielt